| 000 | 00360nam a2200133Ia 4500 | ||
|---|---|---|---|
| 008 | 190415s9999 xx 000 0 und d | ||
| 082 | _aTB.0068 | ||
| 100 | _aBhargava, Mahesh Chand | ||
| 245 | 0 | _aStudy of attitudinal and personality correlates of people's acceptance of family | |
| 250 | _aAgra University | ||
| 260 | _c1978 | ||
| 300 | _a273 | ||
| 942 | _cBK | ||
| 999 |
_c20998 _d20998 |
||